Ja Morant Quiz - Statistics

General Stats
  • This quiz has been taken 146 times
  • The average score is 7 of 10
Answer Stats
Hint Answer % Correct
What Pick was he drafted 2
94%
Age 23
92%
Number 12
90%
Height 6"3
89%
Team Grizzlies
85%
Vertical 44
81%
Dads Name Tee
68%
Home Town Dalzell, South Carolina
50%
Highschool Crestwood
41%
College Murray State (Racers)
19%
No matching quizzes found
Score Distribution
Percent of People with Each Score
Percentile by Number Answered
Your Score History
You have not taken this quiz